<?xml version="1.0" encoding="UTF-8"?>
<record
    xmlns:xsi="http://www.w3.org/2001/XMLSchema-instance"
    xsi:schemaLocation="http://www.loc.gov/MARC21/slim http://www.loc.gov/standards/marcxml/schema/MARC21slim.xsd"
    xmlns="http://www.loc.gov/MARC21/slim">

  <leader>00401nam a2200157Ia 4500</leader>
  <controlfield tag="008">230718s9999    xx            000 0 und d</controlfield>
  <datafield tag="041" ind1=" " ind2=" ">
    <subfield code="a">eng</subfield>
  </datafield>
  <datafield tag="082" ind1=" " ind2=" ">
    <subfield code="a">796.358</subfield>
    <subfield code="b">KAP</subfield>
  </datafield>
  <datafield tag="100" ind1=" " ind2=" ">
    <subfield code="a">Kapil Dev</subfield>
    <subfield code="9">162802</subfield>
  </datafield>
  <datafield tag="245" ind1=" " ind2=" ">
    <subfield code="a">Straight From The Heart</subfield>
  </datafield>
  <datafield tag="260" ind1=" " ind2=" ">
    <subfield code="c">2004</subfield>
    <subfield code="b">Macmillan</subfield>
  </datafield>
  <datafield tag="300" ind1=" " ind2=" ">
    <subfield code="a">374</subfield>
  </datafield>
  <datafield tag="365" ind1=" " ind2=" ">
    <subfield code="c">Rs.</subfield>
    <subfield code="b">395.00</subfield>
  </datafield>
  <datafield tag="700" ind1=" " ind2=" ">
    <subfield code="a">Kapil Dev</subfield>
    <subfield code="9">162802</subfield>
  </datafield>
  <datafield tag="906" ind1=" " ind2=" ">
    <subfield code="d">B:3981/02.03,200415-Aug-2005</subfield>
    <subfield code="c">OTH</subfield>
    <subfield code="b">79</subfield>
  </datafield>
  <datafield tag="999" ind1=" " ind2=" ">
    <subfield code="c">307548</subfield>
    <subfield code="d">307548</subfield>
  </datafield>
  <datafield tag="952" ind1=" " ind2=" ">
    <subfield code="0">0</subfield>
    <subfield code="1">0</subfield>
    <subfield code="4">0</subfield>
    <subfield code="7">0</subfield>
    <subfield code="a">CCEP</subfield>
    <subfield code="b">CCEP</subfield>
    <subfield code="d">2004-03-24</subfield>
    <subfield code="e">Varma Book Distributors</subfield>
    <subfield code="f">OTH</subfield>
    <subfield code="g">316.00</subfield>
    <subfield code="i">3981/02.03,2004</subfield>
    <subfield code="l">1</subfield>
    <subfield code="o">796.358</subfield>
    <subfield code="p">CCEP-BK-18755</subfield>
    <subfield code="r">2026-03-05 12:07:53</subfield>
    <subfield code="s">2025-12-03</subfield>
    <subfield code="t">79</subfield>
    <subfield code="v">395.00</subfield>
    <subfield code="w">2005-08-15</subfield>
    <subfield code="y">BK</subfield>
    <subfield code="z">018755</subfield>
  </datafield>
</record>
